000 00387 a2200145 4500
999 _c130
_d130
003 NUST
005 20170511170458.0
008 170511b xxu||||| |||| 00| 0 eng d
020 _a047133328X
020 _a047133328X
040 _cNUST
082 _a620.0042 KRE
100 1 _aKreyszig, Erwin.
_9572
245 1 0 _aAdvanced engineering mathematics /
_cErwin Kreyszig.
250 _a8th Edition
260 _a[S.l.] :
_bJohn Wiley & Sons,
_c1999.
300 _a1156 p. ;
_c26 cm.
942 _aSNS
_cBK
_k620.0042 KRE
_2ddc